Hombres e ideas en el Perú : (Record no. 15687)

000 -CABECERA
fixed length control field 00734nam a22001817a 4500
003 - IDENTIFICADOR DEL NÚMERO DE CONTROL
control field AR-CdUCM
008 - DATOS DE LONGITUD FIJA--INFORMACIÓN GENERAL
fixed length control field 190429b ||||| |||| 00| 0 esp d
040 ## - FUENTE DE LA CATALOGACIÓN
Agencia/entidad que catalogó originalmente la obra MUNICIPALIDAD PROVINCIAL DEL CUSCO
Entidad que transcribió la catalogación BIBLIOTECA MUNICIPAL DEL CUSCO
082 ## - NÚMERO DE LA CLASIFICACIÓN DECIMAL DEWEY
No. de Clasificación 985 /
Notacion interna G958
100 ## - ENTRADA PRINCIPAL--NOMBRE DE PERSONA
Nombre Personal Leguía, Jorge Guillermo
245 ## - MENCIÓN DE TÍTULO
Título Hombres e ideas en el Perú :
Mención de responsabilidad Jorge Guillermo Leguía /
260 ## - PUBLICACIÓN, DISTRIBUCIÓN, ETC.
Lugar de publicación, distribución, etc. Santiago de Chile :
Nombre de la editorial, distribuidor, etc. Eds. Ercilla,
Fecha de publicación, distribución, etc. 1941.
300 ## - DESCRIPCIÓN FÍSICA
Nº de Páginas Extensión 173 páginas ;
Dimensiones 23 cm.
505 ## - NOTA DE CONTENIDO CON FORMATO
Nota de contenido formateada La "Bohemia" de Palma -- Homenaje al doctor Carlos Wiesse -- Don Ricardo Palma -- Discurso de orden en la Universidad de San Marcos (Reportaje)
700 ## - PUNTO DE ACCESO ADICIONAL--NOMBRE DE PERSONA
Nombre Personal Otero Lara, Gonzalo (prólogo)
9 (RLIN) 34844
942 ## - ELEMENTOS DE PUNTO DE ACCESO ADICIONAL (KOHA)
Fuente de clasificación
Tipo de item Libros-BMC
945 ## - PROCESAMIENTO DE INFORMACIÓN LOCAL (OCLC)
Catalogador acrt
AAAA-MM-DD - Fecha de ingreso o modificacion 2019-04-29
Holdings
Estado de retiro (separado) Fuente de clasificación o esquema de estanterías Estado dañado Ubicación Sala donde se ubica Nombre de la colección Fecha de adquisición o compra Costo, precio normal en soles Signatura topográfica Código de Barras Última vez visto (Koha) Tipo de ítem (Koha) Número de Ejemplar
No     Sala Humanidades Sala Humanidades Book Cart 2019-04-29 18.00 985 / G958 SH0000011008 2019-04-29 Libros-BMC  
No     Sala Humanidades Sala Humanidades Book Cart 2019-05-11 20.00 985 / G958 / e.2 SH0000013120 2019-05-11 Libros-BMC e.2

Powered by Koha